000
00209 a2200097 4500
001
47670
100
_a
Newton E
245
_a
British painting
260
_a
London
_b
British council
_c
090
_c
30678
_d
30678
942
_a
NUST-CAE
_c
M
_c
22978
999
_c
282743
_d
282743